000 00722nam a22001697a 4500
008 160504b xxu||||| |||| 00| 0 eng d
020 _a9788445322581
020 _a8445322583
082 _a708
_bG865j
110 _aCentro Galego de Arte Contemporánea (Santiago de Compostela)
_94933
245 _aJohan Grimonprez.
_cCentro Galego de Arte Contemporánea (Santiago de Compostela)
260 _aSantiago
_bCentro Galego de Arte Contemporánea
_c1998.
300 _a93 pag
_billustrations (some color)
_c23 cm
650 _aJohan Grimonprez 1962
_vExhibiciones
_xArte Belgica
_yArte Multimedia
_zSiglo XXI
_94934
700 _aJohan Grimonprez.
_94935
710 _aCentro Galego de Arte Contemporánea (Santiago de Compostela)
_94936
999 _c897
_d897